| 000 | 00628nam a22002297a 4500 | ||
|---|---|---|---|
| 001 | 35403 | ||
| 003 | BD-RjUL | ||
| 005 | 20211209052320.0 | ||
| 008 | 140524b xxu||||| |||| 00| 0 eng d | ||
| 035 | _a(BD-RjUL)35497 | ||
| 040 |
_aBD-RjUL _beng _cBD-RjUL _dBD-RjUL |
||
| 041 | _aeng | ||
| 082 |
_a519.5 _bTIM 1952 |
||
| 100 | 1 |
_aTippett, L.H.C. _9107809 |
|
| 245 |
_aThe methods of statistics / _c L.H.C. Tippett, |
||
| 250 | _a4th rev. ed. | ||
| 260 |
_aLondon ; _aNewYork : _bJohn Wiley & Sons INC, _c1952. |
||
| 300 |
_a395 p. ; _c21 cm. |
||
| 504 | _aIncludes index. | ||
| 650 |
_astatistics _9107810 |
||
| 942 |
_2ddc _cBK |
||
| 999 |
_c35403 _d35403 |
||